|
|
|
|
| LEADER |
00000nam0a2200000 4500 |
| 001 |
233037 |
| 005 |
20231101231221.0 |
| 020 |
|
|
|a RU
|b 81-52620
|
| 035 |
|
|
|a (RuTPU)RU\TPU\book\254100
|
| 090 |
|
|
|a 233037
|
| 100 |
|
|
|a 20130225d1981 m a0rusy5003 ca
|
| 101 |
0 |
|
|a rus
|
| 102 |
|
|
|a RU
|
| 105 |
|
|
|a y z 001zy
|
| 200 |
1 |
|
|a Современные представления об условиях образования нефти
|f Н. Б. Вассоевич
|
| 210 |
|
|
|a Москва
|c Знание
|d 1981
|
| 215 |
|
|
|a 40 с.
|d 20 см.
|
| 225 |
1 |
|
|a В помощь лектору
|
| 606 |
1 |
|
|a Нефтяные месторождения
|x Геология
|2 stltpush
|3 (RuTPU)RU\TPU\subj\45952
|9 65141
|
| 610 |
1 |
|
|a происхождение
|
| 610 |
1 |
|
|a свойства
|
| 610 |
1 |
|
|a состав
|
| 610 |
1 |
|
|a осадочные бассейны
|
| 675 |
|
|
|a 553.982
|z rus
|
| 700 |
|
1 |
|a Вассоевич
|b Н. Б.
|g Николай Брониславович
|4 070
|
| 801 |
|
0 |
|a RU
|b RuMRKP
|c 19950704
|g psbo
|
| 801 |
|
1 |
|a RU
|b 63413507
|c 20130225
|
| 801 |
|
2 |
|a RU
|b 63413507
|c 20130506
|g RCR
|
| 942 |
|
|
|c BK
|